000 00458nam a2200205Ia 4500
005 20240823021537.0
008 240823s9999||||xx |||||||||||||| ||und||
020 _a978-0-07-065541-6
041 _aENGLISH
082 _A372.622 P7
100 _aSasikumar V
245 0 _aSpoken English
250 _a2nd
260 _c2007
_bTMH New D
500 _aLOST
650 _aSpeaking
_bEnglish
700 _a Dhamija P V
942 _cBK
999 _c177239
_d177239